Philosophy and myth in Karl Marx / (Record no. 5054)
[ view plain ]
| 000 -LEADER | |
|---|---|
| fixed length control field | 00811cam a22002411 4500 |
| 001 - CONTROL NUMBER | |
| control field | 5054 |
| 003 - CONTROL NUMBER IDENTIFIER | |
| rucl marc code | BD-RjUL |
| 005 - DATE AND TIME OF LATEST TRANSACTION | |
| control field | 20211208234012.0 |
| 008 - FIXED-LENGTH DATA ELEMENTS--GENERAL INFORMATION | |
| fixed length control field | 131224r19651961enk b 001 0 eng d |
| 035 ## - SYSTEM CONTROL NUMBER | |
| System control number | (BD-RjUL) 5090 |
| 040 ## - CATALOGING SOURCE | |
| Original cataloging agency | DLC |
| Transcribing agency | Wa |
| Modifying agency | DLC |
| -- | BD-RjUL |
| Language of cataloging | eng |
| 041 ## - LANGUAGE CODE | |
| Language code of text/sound track or separate title | eng |
| 082 00 - DEWEY DECIMAL CLASSIFICATION NUMBER | |
| Classification number | 193 |
| Author mark and year | TUP 1965 |
| 100 1# - MAIN ENTRY--PERSONAL NAME | |
| Personal name | Tucker, Robert C. |
| Fuller form of name | (Robert Charles), |
| Dates associated with a name | 1918-2010. |
| 9 (RLIN) | 15914 |
| 245 10 - TITLE STATEMENT | |
| Title | Philosophy and myth in Karl Marx / |
| Statement of responsibility, etc. | Robert C. Tucker |
| 260 ## - PUBLICATION, DISTRIBUTION, ETC. (IMPRINT) | |
| Place of publication, distribution, etc. | Cambridge [Eng.] |
| Name of publisher, distributor, etc. | University Press, |
| Date of publication, distribution, etc. | c1961 [reprinted 1965]. |
| 300 ## - PHYSICAL DESCRIPTION | |
| Pagination | 263 p. ; |
| Size | 20 cm. |
| 500 ## - GENERAL NOTE | |
| General note | "In the original version ... submitted to Harvard University in 1958 as a doctoral dissertation." |
| 504 ## - BIBLIOGRAPHY, ETC. NOTE | |
| Bibliography, etc | Bibliography: p. 254-257. |
| 600 10 - SUBJECT ADDED ENTRY--PERSONAL NAME | |
| Personal name | Marx, Karl, |
| Dates associated with a name | 1818-1883. |
| 942 ## - ADDED ENTRY ELEMENTS (KOHA) | |
| Source of classification or shelving scheme | Dewey Decimal Classification |
| Koha item type | Books |
| Lost status | Source of classification or shelving scheme | Damaged status | Not for loan | Collection code | Permanent Location | Current Location | Shelving location | Date acquired | Source of acquisition | Cost, normal purchase price | Total Checkouts | Full call number | Date last seen | Copy number | Koha item type |
|---|---|---|---|---|---|---|---|---|---|---|---|---|---|---|---|
| Dewey Decimal Classification | Not For Loan | Non-fiction | Central Library, University of Rajshahi | Central Library, University of Rajshahi | 25/09/1968 | Zitlinger | 12.60 | 193 TUP 1965 | 24/12/2013 | C-1 | Books | ||||
| Dewey Decimal Classification | Non-fiction | Central Library, University of Rajshahi | Central Library, University of Rajshahi | 25/09/1968 | Zeitlinger | 12.60 | 193 TUP 1965 | 26/06/2016 | C-2 | Books |